Hegel philosophe de l'histoire vivante
Guardat en:
| Autor principal: | |
|---|---|
| Format: | Llibre |
| Idioma: | francès |
| Publicat: |
París
Universitaires de France
1966
|
| Col·lecció: | Epiméthée: Essais Philosophiques
|
| Matèries: | |
| Etiquetes: |
Afegir etiqueta
Sense etiquetes, Sigues el primer a etiquetar aquest registre!
|
MARC
| LEADER | 00000nam a2200000 a 4500 | ||
|---|---|---|---|
| 001 | UCZ4655 | ||
| 003 | CL-VaPUC | ||
| 005 | 20230421074439.0 | ||
| 008 | 951110e19660000FR |||||||||||||||||fre|d | ||
| 999 | |c 241023 |d 241021 | ||
| 040 | |c Pontificia Universidad Católica de Valparaíso | ||
| 082 | 0 | 4 | |a 141 |b DHO |2 21 |
| 100 | 0 | |a D'Hondt, Jacques |e author |9 348668 | |
| 245 | 1 | 0 | |a Hegel philosophe de l'histoire vivante |
| 260 | |a París |b Universitaires de France |c 1966 | ||
| 300 | |a 483 p | ||
| 490 | 0 | |a Epiméthée: Essais Philosophiques | |
| 583 | |a last modification |c 19951110 00:00:00 |k Rodrigo Vera | ||
| 600 | 0 | |a Hegel, Georg Wilhelm Friedrich |d 1770-1831 |9 860268 | |
| 650 | 0 | |a Idealismo |9 265685 | |
| 650 | 0 | |a Filosofía alemana |9 265002 | |
| 650 | 0 | |a Escuelas filosóficas |9 266232 | |
| 650 | 0 | |a Filosofía de la naturaleza |9 265899 | |
| 942 | |c BK |2 ddc | ||
| 945 | |d 19951110 00:00:00 |a cmena | ||
| 952 | |0 0 |1 0 |4 0 |6 141_000000000000000_DHO_1966 |7 0 |8 P |9 253163 |a BIBEDU |b BIBEDU |c BIBEDU_PB |d 2019-11-19 |i 1596926 |o 141 DHO 1966 |p 1596926 |r 2024-01-25 |w 2019-11-19 |y BK |k FIL | ||